明日方舟主线各章节名 Arknight chapter names for main levels - Statistics

General Stats
  • This quiz has been taken 34 times
  • The average score is 9 of 15
Answer Stats
篇章 章节号 章节名 % Correct
Ⅰ 幻灭 5 靶向药物
89%
Ⅰ 幻灭 7 苦难摇篮
75%
Ⅰ 幻灭 8 怒号光明
75%
init. 觉醒 0 黑暗时代·上
71%
init. 觉醒 1 黑暗时代·下
71%
Ⅰ 幻灭 6 局部坏死
71%
Ⅱ 残阳 14 慈悲灯塔
68%
init. 觉醒 2 异卵同生
64%
init. 觉醒 3 二次呼吸
61%
Ⅰ 幻灭 4 急性衰竭
57%
Ⅱ 残阳 9 风暴瞭望
57%
Ⅱ 残阳 10 破碎日冕
57%
Ⅱ 残阳 12 惊霆无声
54%
Ⅱ 残阳 11 淬火尘霾
43%
Ⅱ 残阳 13 恶兆湍流
32%
No matching quizzes found
Score Distribution
Percent of People with Each Score
Percentile by Number Answered
Your Score History
You have not taken this quiz